| 000 | 00000nam##2200000za#4500 |
| 001 | 9.571607 |
| 003 | CaOODSP |
| 005 | 20211126112844 |
| 007 | cr ||||||||||| |
| 008 | 150406|2002||||xxc|||||o f|0| 0 eng|d |
| 022 | |a1701-9397 |
| 040 | |aCaOODSP|beng |
| 043 | |an-cn--- |
| 086 | 1 |aFB3-2/102-26E-PDF |
| 110 | 2 |aBank of Canada. |
| 245 | 10|aNominal rigidity, desired markup variations, and real exchange rate persistence / |h[electronic resource]|cby Hafedh Bouakez. |
| 260 | |aOttawa - Ontario : |bBank of Canada |cSeptember 2002. |
| 300 | |a42p.|bgraphs, references, tables |
| 490 | 1 |aBank of Canada working paper|x1701-9397|v2002-26 |
| 500 | |a"This paper develops and estimates a dynamic general-equilibrium sticky-price model that accounts for real exchange rate persistance."--Abstract. |
| 500 | |aThe ISSN (1192-5434) for the print edition has been incorrectly copied in this electronic publication. |
| 546 | |aRésumé en français. |
| 590 | |a11-19-Supp|b2011-09-23 |
| 690 | 07|aEconomic indicators|2gcpds |
| 690 | 07|aExchange rates|2gcpds |
| 690 | 07|aModelling|2gcpds |
| 720 | 1 |aBouakez, Hafedh |
| 776 | 0#|tNominal rigidity, desired markup variations, and real exchange rate persistance / |w(CaOODSP)9.616134 |
| 830 | #0|aWorking paper (Bank of Canada)|x1701-9397|v2002-26|w(CaOODSP)9.504604 |
| 856 | 40|ahttp://publications.gc.ca|qPDF|s503 KB|uhttps://publications.gc.ca/collections/Collection/FB3-2-102-26E.pdf|y2002-26 |